Részletek a művésztelep-programból
Elmentve itt :
| Szerző: | |
|---|---|
| Adatforrás: | Meister |
| Forrásdokumentuma: | Helikon. - 14 sz., 1998, 15 p. |
| Nyelv: | magyar |
| Kulcsszavak: | művészettörténet művésztelepek művészet iparművészet KÓS Károly GYÖRGYI Dénes Kecskeméti művésztelep |
| LEADER | 00558nab a2200193 i 4500 | ||
|---|---|---|---|
| 001 | bibPRO00009915 | ||
| 008 | 060524s1998 xx hun | ||
| 040 | |a Sz1 | ||
| 041 | |a hun | ||
| 100 | 1 | |a KÓS Károly ; GYÖRGYI Dénes | |
| 245 | 1 | 0 | |a Részletek a művésztelep-programból |c KÓS Károly ; GYÖRGYI Dénes |
| 695 | |a művészettörténet | ||
| 695 | |a művésztelepek | ||
| 695 | |a művészet | ||
| 695 | |a iparművészet | ||
| 695 | |a KÓS Károly | ||
| 695 | |a GYÖRGYI Dénes | ||
| 695 | |a Kecskeméti művésztelep | ||
| 773 | 0 | |t Helikon. - |g 14 sz., 1998, 15 p. | |